000 01135cab a2200253 4500
001 ABS56329
008 090401t1996 xxu||||| |||| 00| 0 eng d
035 _a(Sirsi) u22908
041 _aeng
245 _aJackson (James) and Sons v British Gas
260 _c1996
350 _a0
490 _aRating & Valuation Reporter
_v[1996] 36 RVR 239-248(10)
520 _aLTS 26 August 1994. The provisions of a grant to lay and use a gas pipe prevented the claimants from extracting any minerals from the land in such a way as to affect the pipe or access to it. A dispute arose over the final payment of compensation and was referred to LTS. LT 26 August 1996. Compensation of £15,000 was held to be due to the claimants for the loss of profit from their inability to exploit the materials in a sterilised zone.
650 _aCOMPENSATION
650 _aGAS PIPES
650 _aLOSS OF PROFITS
650 _aMINERAL EXTRACTION
650 _aMINERALS
650 _aWAYLEAVES
690 _aENVIRONMENTAL AND LAND CONSULTANCY-PLANNING AND DEVELOPMENT-COMPULSORY PURCHASE AND COMPENSATION
942 _n0
948 _c04/03/1997
999 _c15360
_d15360